[Event "Julian Mazur Memorial"]
[Site "Wellington Chess Club"]
[Date "2022.08.25"]
[Round "5.14"]
[White "Asher, Bruce"]
[Black "Scott, Callum"]
[Result "0-1"]
[WhiteElo "1060"]
[BlackElo "1653"]

1. e4 e5 2. Nf3 Nc6 3. Bb5 a6 4. Bxc6 dxc6 5. d3 Bd6 6. Nc3 Ne7 7. Bg5 f6 8.
Be3 Be6 9. h3 Qd7 10. Qd2 O-O-O 11. O-O h5 12. Nh4 g5 13. Bxg5 fxg5 14. Nf3 g4
15. Qe3 Kb8 16. Ng5 gxh3 17. gxh3 Ng6 18. Kh2 h4 19. Nxe6 Qxe6 20. Rg1 Rdg8 21.
Rg4 Nf4 22. Rag1 Rxg4 23. Rxg4 Rg8 24. f3 b6 25. b3 Bc5 26. Qe1 Rxg4 27. fxg4
Bb4 28. Qxh4 Bxc3 29. Qg3 Qf7 30. Qh4 Ne2 31. Kg2 Qf4 32. Qd8+ Kb7 33. Qh4 Qd2
34. Kf3 Qxc2 35. g5 Qxd3+ 36. Kg4 Qxe4+ 37. Kh5 Nf4+ 38. Kh6 Qg6# 0-1

[Event "Julian Mazur Memorial"]
[Site "Wellington Chess Club"]
[Date "2022.08.25"]
[Round "5.15"]
[White "Katkodia, Ali"]
[Black "Farrington, Lawrence"]
[Result "1-0"]
[WhiteElo "1500"]
[BlackElo "1602"]

1. e4 e6 2. Nf3 d5 3. e5 c5 4. Bb5+ Nc6 5. O-O Bd7 6. c3 Nxe5 7. Nxe5 Bxb5 8.
Re1 Bd6 9. d4 cxd4 10. Qxd4 Nf6 11. Bg5 h6 12. Bh4 Be7 13. Na3 Bc6 14. Rad1 O-O
15. Nc2 Qb6 16. b3 Rac8 17. Qf4 Qd8 18. Nd4 Qc7 19. Qe3 Rfe8 20. Bg3 Bd6 21.
Ndf3 Ne4 22. Qd4 Nxg3 23. hxg3 Qe7 24. a4 a6 25. Nh2 Bc5 26. Qf4 Qf6 27. Qd2
Qe7 28. Nhg4 Qg5 29. Qe2 Qf5 30. Rd3 Qh5 31. Nf6+ 1-0

[Event "Julian Mazur Memorial"]
[Site "Wellington Chess Club"]
[Date "2022.08.25"]
[Round "5.16"]
[White "Darr, Samuel"]
[Black "Qu, Lucas"]
[Result "1-0"]
[WhiteElo "1560"]
[BlackElo "1272"]

1. e4 e5 2. Nf3 Nc6 3. Bc4 Nf6 4. d3 Bc5 5. Bg5 O-O 6. Nc3 h6 7. Bh4 Na5 8.
Nxe5 Nxc4 9. Nxc4 g5 10. Bg3 d6 11. h3 Re8 12. Qe2 d5 13. Nd2 dxe4 14. Ncxe4
Nxe4 15. dxe4 Bf5 16. O-O-O Bd7 17. Qh5 Qf6 18. Rhf1 Be6 19. e5 Qg6 20. Qxg6+
fxg6 21. Kb1 Bf5 22. Bh2 Rad8 23. g4 Be6 24. Ne4 Be7 25. b3 h5 26. f3 Kg7 27.
Kb2 c6 28. Bg1 Rxd1 29. Rxd1 Rf8 30. Rd3 a6 31. Bb6 hxg4 32. hxg4 Bd5 33. Nd2
Be6 34. Ne4 Bd5 35. Nd2 Be6 36. c4 Kh7 37. Ne4 Rf7 38. Bc5 Kh6 39. Kc3 b5 40.
Bxe7 Rxe7 41. Nc5 Bc8 42. e6 a5 43. Rd6 b4+ 44. Kd4 Rc7 45. Rxc6 Rxc6 46. e7
Bd7 47. Nxd7 Re6 48. Nf6 Rxf6 49. e8=Q Kg7 50. Qe7+ Rf7 51. Qe5+ Rf6 52. Qxg5
Rxf3 53. Qxa5 Rf4+ 54. Kd3 Rxg4 55. Qc7+ Kh6 56. Qh2+ Kg5 57. Qe5+ Kh4 58. Qe7+
g5 59. Qh7+ Kg3 60. c5 Rf4 61. c6 Rf3+ 62. Ke2 g4 63. c7 Rf2+ 64. Ke1 Rh2 65.
Qd3+ Kg2 66. c8=Q g3 67. Qf1# 1-0

[Event "Julian Mazur Memorial"]
[Site "Wellington Chess Club"]
[Date "2022.08.25"]
[Round "5.17"]
[White "Henrys, Francis"]
[Black "Ulm, Joy"]
[Result "0-1"]
[WhiteElo "1500"]
[BlackElo "1500"]

1. e4 e5 2. Nf3 Nc6 3. Bb5 a6 4. Bxc6 dxc6 5. Nc3 Bg4 6. d3 Bd6 7. h3 Bh5 8.
Be3 Nf6 9. Qd2 Qe7 10. O-O-O b5 11. g4 Bg6 12. h4 h5 13. g5 Ng4 14. d4 O-O 15.
dxe5 Nxe5 16. Nxe5 Bxe5 17. f3 Rfd8 18. Qe1 Qe6 19. Kb1 a5 20. Ne2 f6 21. Rf1
Bf7 22. b3 a4 23. f4 axb3 24. Rxd8+ Rxd8 25. cxb3 Bd6 26. Ng3 fxg5 27. f5 Qe5
28. Bxg5 Ra8 29. Bf4 Qd4 30. Qd1 Qxd1+ 31. Rxd1 Bxf4 32. Ne2 Bd6 33. Nd4 Re8
34. Re1 Bd5 35. Kc2 Rxe4 36. Rd1 Rxh4 37. Ne6 Be4+ 38. Kc3 Bxf5 0-1

[Event "Julian Mazur Memorial"]
[Site "Wellington Chess Club"]
[Date "2022.08.25"]
[Round "5.18"]
[White "Hupert, Leo"]
[Black "Carlyle, Mathieson"]
[Result "0-1"]
[WhiteElo "1387"]
[BlackElo "1532"]

1. e4 e6 2. Nc3 d5 3. d4 Nf6 4. e5 Nfd7 5. Nf3 c5 6. Bb5 Nc6 7. Bxc6 bxc6 8.
Ne2 Ba6 9. dxc5 Bxc5 10. a3 Qb6 11. O-O O-O 12. b3 Rad8 13. b4 Be7 14. Re1 c5
15. c3 Bc4 16. Qc2 f6 17. Be3 Nxe5 18. Nxe5 fxe5 19. Rab1 Qc7 20. Ng3 e4 21.
Qd1 Bd3 22. Rb2 Bd6 23. Qg4 Bxg3 24. hxg3 cxb4 25. Qxe6+ Qf7 26. Qxf7+ Rxf7 27.
Rxb4 a6 28. Bf4 Rf5 29. f3 g5 30. Rb8 Rxb8 31. Bxb8 exf3 32. gxf3 Rxf3 33. Kg2
Be4 34. Kh3 Rxc3 35. Bd6 Kf7 36. Bb4 Rb3 37. Rc1 Bf5+ 38. Kg2 Rb2+ 39. Kf3 Rb3+
40. Rc3 Rxc3+ 41. Bxc3 h5 42. Bd4 Ke6 43. Be3 Be4+ 44. Kf2 Kf5 45. a4 h4 46. a5
h3 47. Kg1 g4 48. Bd4 Bf3 49. Be3 Ke4 50. Bf2 d4 51. Be1 d3 52. Bd2 Kd4 53. Kh2
Kc4 54. Kg1 Kb3 55. Kh2 Kc2 56. Kg1 Kxd2 57. Kh2 Ke1 58. Kg1 d2 59. Kh2 d1=Q
60. Kg1 Ke2+ 61. Kh2 Qh1# 0-1

[Event "Julian Mazur Memorial"]
[Site "Wellington Chess Club"]
[Date "2022.09.01"]
[Round "6.1"]
[White "Ker, Anthony"]
[Black "Forster, Bill"]
[Result "1-0"]
[WhiteElo "2428"]
[BlackElo "2037"]

1. e4 e6 2. d4 d5 3. Nc3 Bb4 4. e5 c5 5. Bd2 cxd4 6. Nb5 Be7 7. Qg4 g6 8. Nf3
Nc6 9. Bd3 Nb4 10. Qxd4 Nxd3+ 11. Qxd3 a6 12. Nbd4 Bd7 13. O-O Bf8 14. Rfe1 h6
15. Rad1 Ne7 16. Bb4 Bg7 17. Qa3 Nc6 18. Nxc6 Bxc6 19. Nd4 Bf8 20. Bxf8 Rxf8
21. c4 Qe7 22. c5 Rh8 23. b4 Kf8 24. Qb3 Kg7 25. a4 Rhc8 26. Rc1 Rab8 27. b5
Be8 28. Qe3 Kh7 29. Rc3 axb5 30. axb5 Ra8 31. Rec1 Ra5 32. c6 bxc6 33. bxc6 Ra6
34. h3 Qa7 35. Qd2 Qc7 36. Qe2 Qa7 37. Nb5 Qa8 38. c7 Ra2 39. R3c2 Rxc2 40.
Rxc2 Qa1+ 41. Kh2 Bxb5 42. Qxb5 Qxe5+ (42... Rxc7 $1 43. Rxc7 Qxe5+) 43. g3
Rxc7 44. Qb8 Rxc2 45. Qxe5 Rxf2+ 46. Kg1 Rf5 47. Qd4 h5 48. Kg2 g5 49. Qd3 Kg7
50. Qd1 Kh6 51. Qa1 Kh7 52. Qb1 Kh6 53. Qb2 Kh7 54. Qd4 Kh6 55. g4 hxg4 56.
hxg4 Rf4 57. Qh8+ Kg6 58. Qh5+ Kf6 59. Qh6+ Ke5 60. Qxg5+ Ke4 61. Qh4 e5 62.
Qe1+ Kd4 63. Kg3 f6 64. Qe2 Kc5 65. g5 fxg5 66. Qxe5 Re4 67. Qxg5 Kd4 68. Kf3
Kc5 69. Qd8 Kd4 70. Qc7 Re3+ 71. Kf4 Re4+ 72. Kf5 Ke3 73. Qc5+ d4 74. Qc1+ Kf3
75. Qh1+ 1-0

[Event "Julian Mazur Memorial"]
[Site "Wellington Chess Club"]
[Date "2022.09.01"]
[Round "6.2"]
[White "Enegbuma, Wallace"]
[Black "Langford, Josh"]
[Result "1/2-1/2"]
[WhiteElo "1844"]
[BlackElo "2166"]

1. Nf3 d5 2. d4 e6 3. e3 Nf6 4. c4 a6 5. Nc3 Nbd7 6. a3 dxc4 7. Bxc4 b5 8. Nxb5
axb5 9. Bxb5 Bd6 10. O-O O-O 11. Qc2 Ba6 12. Bxa6 Rxa6 13. Bd2 Qe7 14. e4 e5
15. d5 h6 16. Qc4 Rfa8 17. Nh4 Ra4 18. b4 Rxa3 19. Rxa3 Rxa3 20. Nf5 Qf8 21. f3
Ra4 22. Rb1 Nb6 23. Qb5 Nfd7 24. h3 Nb8 25. Nxd6 Qxd6 26. Be3 Qd7 27. Qd3 Na6
28. b5 Nb8 29. Qb3 Ra8 30. Rc1 Ra5 31. Rb1 Qd6 32. Qc3 Ra3 33. Qe1 Nc4 34. Bc1
Ra2 35. Qc3 Qb6+ 36. Kh1 Qf2 37. Rb2 Nxb2 38. Qxc7 Qf1+ 39. Kh2 g6 40. Qxb8+
Kh7 41. Qc7 1/2-1/2

[Event "Julian Mazur Memorial"]
[Site "Wellington Chess Club"]
[Date "2022.09.01"]
[Round "6.3"]
[White "Dive, Russell"]
[Black "Malcolm, Aidan"]
[Result "1-0"]
[WhiteElo "2389"]
[BlackElo "1782"]

1. c4 e6 2. g3 d5 3. Bg2 Nf6 4. Nf3 d4 5. O-O Be7 6. e3 Nc6 7. exd4 Nxd4 8.
Nxd4 Qxd4 9. d3 e5 10. Nc3 c6 11. Be3 Qd8 12. h3 O-O 13. Qe2 Bf5 14. Rad1 Re8
15. Kh2 Qa5 16. a3 Rad8 17. Qc2 h5 18. Rfe1 Rd7 19. Ne4 Red8 20. Bd2 Qc7 21.
Bc3 h4 22. g4 Bg6 23. Bf3 Nh7 24. Kg2 Nf6 25. Qe2 Re8 26. Qe3 Rdd8 27. Qxa7
Bxe4 28. Bxe4 Ra8 29. Qe3 Nd7 30. Bf5 Bc5 31. Qg5 Be7 32. Qh5 g6 33. Bxg6 fxg6
34. Qxg6+ Kh8 35. f4 Qd6 36. Qh5+ Kg8 37. Rxe5 Bf6 38. Rxe8+ Rxe8 39. Qxe8+ 1-0

[Event "Julian Mazur Memorial"]
[Site "Wellington Chess Club"]
[Date "2022.09.01"]
[Round "6.4"]
[White "Archer, Ollie"]
[Black "Winter, Ryan"]
[Result "1/2-1/2"]
[WhiteElo "2186"]
[BlackElo "2197"]

1. d4 Nf6 2. c4 e6 3. Nf3 d5 4. Nc3 c6 5. e3 Nbd7 6. Qc2 Bd6 7. Bd3 dxc4 8.
Bxc4 e5 9. O-O O-O 10. Rd1 Qe7 11. e4 exd4 12. Nxd4 Ne5 13. Bf1 Ng6 14. g3 Rd8
15. Bg2 Bc5 16. Nb3 Bb6 17. Rxd8+ Qxd8 18. h3 Be6 19. Na4 Ne5 20. Nbc5 Qe7 21.
Nxe6 Qxe6 22. Nxb6 axb6 23. b3 c5 24. Be3 Rd8 25. Rd1 Rd7 26. f4 Nc6 27. e5 Nb4
28. Qe2 Nfd5 29. Qd2 Nf6 30. Qe2 Nfd5 31. Qd2 Nf6 32. Qe2 1/2-1/2

[Event "Julian Mazur Memorial"]
[Site "Wellington Chess Club"]
[Date "2022.09.01"]
[Round "6.5"]
[White "Van der Hoorn, Thomas"]
[Black "Aldridge, Alan"]
[Result "1-0"]
[WhiteElo "2059"]
[BlackElo "1806"]

1. e4 e5 2. Nf3 Nc6 3. Bb5 Bc5 4. c3 Nf6 5. d4 Bb6 6. O-O Nxe4 7. Re1 d5 8.
Nxe5 O-O 9. Nxc6 bxc6 10. Bxc6 Qf6 11. Bxa8 Qxf2+ 12. Kh1 Qh4 13. Be3 Bg4 14.
Qc1 Rxa8 15. Kg1 c6 16. Nd2 Bc7 17. Nf1 f5 18. Qc2 f4 19. Bf2 Qg5 20. Rxe4 Bf3
21. Bh4 Bxe4 22. Qxe4 Qxh4 23. Qe6+ Kf8 24. Qxc6 Qd8 25. Re1 Rb8 26. b3 Rb6 27.
Qc5+ Kg8 28. Nd2 Qd6 29. Qxd6 Rxd6 30. Kf2 Rc6 31. c4 Ba5 32. Rd1 Bxd2 33. Rxd2
dxc4 34. Rc2 cxb3 35. Rxc6 b2 36. Rc8+ 1-0

[Event "Julian Mazur Memorial"]
[Site "Wellington Chess Club"]
[Date "2022.09.01"]
[Round "6.6"]
[White "Tanoi, Edward"]
[Black "Young, Cohen"]
[Result "0-1"]
[WhiteElo "1985"]
[BlackElo "1933"]

1. d4 Nf6 2. Nf3 d5 3. Bg5 Ne4 4. Bh4 c5 5. c3 Qb6 6. Qc1 Bf5 7. e3 Nc6 8. Nbd2
cxd4 9. Nxd4 Nxd4 10. exd4 e6 11. a4 a6 12. a5 Qc7 13. Bg3 Nxg3 14. hxg3 Bd6
15. Qd1 Bxg3 16. Qf3 Bd6 17. Bd3 Bxd3 18. Qxd3 h6 19. Nf1 Kf8 20. Rh3 g6 21.
Ne3 Kg7 22. b4 Rac8 23. Nd1 Qc4 24. Qd2 e5 25. Nb2 Qb5 26. Na4 Rce8 27. Re3
exd4 28. Qxd4+ Kh7 29. Nb6 Be5 30. Qd2 Bf4 31. Nxd5 Bxe3 32. Nf6+ Kg7 33. Nxe8+
Rxe8 34. fxe3 Qg5 35. Kf2 Re5 36. Rd1 Qh4+ 37. Kg1 Rh5 38. Qd4+ Qxd4 39. exd4
Kf6 40. d5 Ke7 41. Rd4 Re5 42. Kf2 Rf5+ 43. Ke2 Rg5 44. Kf2 Rf5+ 45. Ke2 Rg5
46. g4 f5 47. gxf5 Rxf5 48. c4 g5 49. Re4+ Kd7 50. Re6 h5 51. Rh6 g4 52. Ke3 g3
53. Rg6 h4 54. Ke4 Rh5 55. Rg7+ Kc8 56. Rg8+ Kc7 57. Rg7+ Kd8 58. b5 h3 59.
bxa6 bxa6 60. Kd4 h2 61. Kc5 h1=Q 62. Rxg3 Rxd5+ 63. cxd5 Qc1+ 64. Kb4 Qf4+ 0-1

[Event "Julian Mazur Memorial"]
[Site "Wellington Chess Club"]
[Date "2022.09.01"]
[Round "6.7"]
[White "Chen, Wei Kai"]
[Black "Mavaram, Eashan"]
[Result "1-0"]
[WhiteElo "1968"]
[BlackElo "1352"]

1. e4 c6 2. d4 d5 3. e5 c5 4. Nf3 Nc6 5. c3 e6 6. Bd3 Qc7 7. O-O Bd7 8. Ng5 h6
9. Qh5 Bc8 10. Nxf7 Qxf7 11. Bg6 Nd8 12. Bxf7+ Nxf7 13. Na3 Ne7 14. Nb5 Rb8 15.
Nd6+ Kd7 16. Nxf7 Rg8 17. Nd6 g6 18. Qd1 Nc6 19. dxc5 Bxd6 20. exd6 g5 21. Qh5
Rf8 22. Qxh6 Rf7 23. Re1 Nd8 24. Bxg5 Rf5 25. Bxd8 Kxd8 26. Qg7 Bd7 27. Rxe6
1-0

[Event "Julian Mazur Memorial"]
[Site "Wellington Chess Club"]
[Date "2022.09.01"]
[Round "6.8"]
[White "Cooke, Xandi"]
[Black "Benitez, Edgar"]
[Result "1/2-1/2"]
[WhiteElo "1530"]
[BlackElo "1952"]

1. d4 Nf6 2. c4 e6 3. Nc3 Bb4 4. Qc2 O-O 5. Bg5 h6 6. Bh4 c5 7. e3 g5 8. Bg3 d5
9. dxc5 Nc6 10. Nf3 Ne4 11. a3 Qa5 12. Rc1 Bxc3+ 13. bxc3 Qxc5 14. cxd5 exd5
15. a4 Bf5 16. Bd3 Rfe8 17. O-O Rac8 18. Nd4 Nxd4 19. exd4 Qa5 20. Bxe4 Bxe4
21. Qb3 b6 22. Qb4 Qa6 23. f3 Bf5 24. Rfe1 Qd3 25. Qd6 Be6 26. Qb4 Rc4 27. Qb5
Rec8 28. Red1 Qe2 29. Re1 Qd3 30. Red1 Qe2 31. Re1 Qa2 32. Qa6 Qxa4 33. Ra1
Qxa6 34. Rxa6 Rxc3 35. Rxa7 Rc1 36. Rb7 Rxe1+ 37. Bxe1 Rc6 38. Bg3 Kg7 39. Bc7
b5 40. Be5+ Kg6 41. Rxb5 Rc2 42. Rb8 f6 43. Rb6 Kf7 44. Rb7+ Kg6 45. Rb6
1/2-1/2

[Event "Julian Mazur Memorial"]
[Site "Wellington Chess Club"]
[Date "2022.09.01"]
[Round "6.9"]
[White "Lyall, Gordon"]
[Black "Brockway, Andrew"]
[Result "1-0"]
[WhiteElo "1942"]
[BlackElo "1686"]

1. d4 d5 2. c4 e6 3. g3 Nf6 4. Bg2 c6 5. Nf3 Nbd7 6. O-O Bd6 7. Nc3 O-O 8. b3
Re8 9. Bb2 b6 10. Re1 Bb7 11. Qc2 Nf8 12. Ne5 N6d7 13. f4 f6 14. Ng4 f5 15. Ne5
Bxe5 16. dxe5 Nc5 17. Rad1 Qe7 18. Ba3 Qf7 19. Bxc5 bxc5 20. Na4 Rac8 21. Nxc5
Qe7 22. b4 Red8 23. Rd3 a5 24. a3 axb4 25. axb4 Ra8 26. Red1 Ba6 27. Nxa6 Rxa6
28. c5 Rb8 29. Rb3 Qc7 30. Rdb1 Rba8 31. Bf1 Ra2 32. R3b2 Rxb2 33. Qxb2 Nd7 34.
Ra1 Rb8 35. Qa3 Rb7 36. e3 Kf7 37. Bd3 Qb8 38. b5 Rxb5 39. Bxb5 Qxb5 40. Rc1
Qe2 41. Qc3 h5 42. Rc2 Qb5 43. Rb2 Qxc5 44. Qxc5 Nxc5 45. Rc2 Nd7 46. Rxc6 Nf8
47. Rc7+ Kg6 48. Re7 Kh7 49. Kg2 Kg6 50. h4 Kh6 51. Kf2 Kg6 52. Ke2 Kh7 53. Kd3
Kg8 54. Kd4 Kh7 55. Kc5 Kg8 56. Kd6 Ng6 57. Rxe6 Kf7 58. Rxg6 1-0

[Event "Julian Mazur Memorial"]
[Site "Wellington Chess Club"]
[Date "2022.09.01"]
[Round "6.10"]
[White "Cameron, Will"]
[Black "Croad, Nicolas"]
[Result "0-1"]
[WhiteElo "1424"]
[BlackElo "2439"]

1. d4 Nf6 2. c4 e6 3. Nf3 d5 4. cxd5 exd5 5. Bg5 Bb4+ 6. Nc3 h6 7. Bh4 c5 8.
dxc5 Nc6 9. Nd4 Qa5 10. Nb3 Bxc3+ 11. bxc3 Qxc3+ 12. Qd2 Qxd2+ 13. Kxd2 Ne4+
14. Ke3 O-O 15. f3 Re8 16. Kd3 Nb4+ 17. Kd4 Nc2+ 18. Kxd5 0-1

[Event "Julian Mazur Memorial"]
[Site "Wellington Chess Club"]
[Date "2022.09.01"]
[Round "6.11"]
[White "Jackson, Ross"]
[Black "Thirkell, Zachary"]
[Result "0-1"]
[WhiteElo "1905"]
[BlackElo "1500"]

1. d4 d5 2. c4 c6 3. Nf3 Bf5 4. Qb3 b6 5. Nc3 e6 6. g3 Nf6 7. cxd5 exd5 8. Bg2
Bd6 9. O-O O-O 10. Bg5 Nbd7 11. Nh4 Be6 12. Qd1 h6 13. Bd2 Re8 14. Rc1 c5 15.
Nb5 Bb8 16. f4 a6 17. Na3 Bg4 18. Bxd5 Nxd5 0-1

[Event "Julian Mazur Memorial"]
[Site "Wellington Chess Club"]
[Date "2022.09.01"]
[Round "6.12"]
[White "Hampshire, Thomas"]
[Black "Sole, Michael"]
[Result "0-1"]
[WhiteElo "1500"]
[BlackElo "2155"]

1. e4 c6 2. d4 d5 3. e5 Bf5 4. h4 h5 5. Nf3 e6 6. Bd3 Bxd3 7. Qxd3 Qa5+ 8. Nbd2
Nh6 9. O-O Be7 10. Nb3 Qb5 11. Qxb5 cxb5 12. Bxh6 Rxh6 13. Rac1 Nc6 14. c3 a5
15. Nc5 b6 16. Nd3 Rc8 17. Ng5 Rh8 18. f4 g6 19. Rf2 Bd8 20. g3 Ne7 21. Kh2 Nf5
22. Ne1 Nxd4 23. Nef3 Nf5 24. Rfc2 Be7 25. Nd4 Ne3 26. Re2 Ng4+ 27. Kg2 b4 28.
Ree1 bxc3 29. Rxc3 Rxc3 30. bxc3 Bc5 31. Rb1 Ne3+ 32. Kf3 Nc4 33. Nb3 a4 34.
Nxc5 Nd2+ 35. Ke2 Nxb1 36. Nxa4 b5 37. Nb2 Nxc3+ 38. Kd3 Nxa2 39. Kc2 Nb4+ 40.
Kb3 Nc6 41. Nd3 Ke7 42. Nf3 Ra8 43. Nb4 Na5+ 44. Kc3 Rc8+ 0-1

[Event "Julian Mazur Memorial"]
[Site "Wellington Chess Club"]
[Date "2022.09.01"]
[Round "6.13"]
[White "Malcolm, Leo"]
[Black "Ulm, Joy"]
[Result "1-0"]
[WhiteElo "1873"]
[BlackElo "1500"]

1. e4 e5 2. Nf3 Nc6 3. Bc4 Bc5 4. b4 Bxb4 5. c3 Bc5 6. d4 exd4 7. O-O Nge7 8.
Ng5 d5 9. exd5 Nxd5 10. Nxf7 Kxf7 11. Qf3+ Qf6 12. Qxd5+ Be6 13. Qxc5 dxc3 14.
Nxc3 Rhe8 15. Bg5 Qg6 16. Rae1 Kg8 17. Rxe6 Rxe6 18. Re1 Re8 19. Rxe6 Rxe6 20.
Qd5 1-0

[Event "Julian Mazur Memorial"]
[Site "Wellington Chess Club"]
[Date "2022.09.01"]
[Round "6.14"]
[White "Scott, Callum"]
[Black "Shepherd, Blake"]
[Result "0-1"]
[WhiteElo "1653"]
[BlackElo "1497"]

1. e4 e6 2. Nf3 d5 3. exd5 exd5 4. d4 Bd6 5. c4 dxc4 6. Bxc4 Nf6 7. O-O O-O 8.
Re1 Bg4 9. Qb3 Bxf3 10. Qxf3 c6 11. Bg5 Bxh2+ 12. Kxh2 Qxd4 13. Bxf6 gxf6 14.
Re4 Qxb2 15. Nc3 f5 16. Re7 Qb4 17. Qg3+ Kh8 18. Bxf7 Qxe7 19. Bb3 Qg7 20. Qf3
Nd7 21. Rd1 Ne5 22. Qf4 Ng4+ 23. Kg1 Qxc3 24. f3 Qe3+ 0-1

[Event "Julian Mazur Memorial"]
[Site "Wellington Chess Club"]
[Date "2022.09.01"]
[Round "6.15"]
[White "Jones, Christopher"]
[Black "Katkodia, Ali"]
[Result "0-1"]
[WhiteElo "1574"]
[BlackElo "1500"]

1. e4 d6 2. d4 Nf6 3. e5 dxe5 4. dxe5 Qxd1+ 5. Kxd1 Ng4 6. Nh3 Nxe5 7. b3 Bg4+
8. Kd2 Nbc6 9. Bb2 O-O-O+ 10. Bd3 Nxd3 11. cxd3 Nb4 12. d4 e5 13. Ng5 Bh5 14.
g4 Bg6 15. Na3 exd4 16. f4 Be7 17. Nf3 Be4 18. Rhe1 Bxf3 19. Rxe7 Bxg4 20. Rxf7
Rhe8 21. Re1 Rxe1 22. Kxe1 Nd3+ 23. Kd2 Nxb2 24. Rxg7 h5 25. h3 Bxh3 26. Rg1
Bg4 27. f5 Nd1 28. Nc4 Nf2 29. Rf1 Ne4+ 30. Kd3 Ng3 31. Rf2 Bxf5+ 0-1

[Event "Julian Mazur Memorial"]
[Site "Wellington Chess Club"]
[Date "2022.09.01"]
[Round "6.16"]
[White "McConnell, Jack"]
[Black "Darr, Samuel"]
[Result "0-1"]
[WhiteElo "1411"]
[BlackElo "1560"]

1. d4 d5 2. Nc3 Nf6 3. Bg5 h6 4. Bxf6 exf6 5. e4 Bb4 6. exd5 Qxd5 7. Nf3 Bf5 8.
Bd3 Qe6+ 9. Be2 O-O 10. O-O Nd7 11. Nb5 Qc6 12. d5 Qb6 13. c3 Bd6 14. Nd2 a6
15. Nc4 Bxh2+ 16. Kxh2 Qxb5 17. Ne3 Qxb2 18. Nxf5 Qxc3 19. Ng3 Rad8 20. Bf3 Nb6
21. Rc1 Qe5 22. Re1 Qd6 23. Kg1 Rfe8 24. Rxe8+ Rxe8 25. Nf1 Rd8 26. Ne3 g6 27.
Qd4 Kg7 28. Qg4 Qa3 29. Rxc7 Qxa2 30. Nf5+ Kf8 31. Nxh6 Qa1+ 32. Bd1 Rd7 33.
Rxd7 Nxd7 34. Kh2 f5 35. Qd4 Qxd4 0-1

[Event "Julian Mazur Memorial"]
[Site "Wellington Chess Club"]
[Date "2022.09.01"]
[Round "6.17"]
[White "Carlyle, Mathieson"]
[Black "Lavender, Ariel"]
[Result "1-0"]
[WhiteElo "1532"]
[BlackElo "1486"]

1. e4 c5 2. Nc3 Nc6 3. Bb5 e6 4. Bxc6 bxc6 5. d3 d5 6. e5 Qc7 7. f4 Ne7 8. Nf3
Ng6 9. O-O Be7 10. Qe1 O-O 11. Ne2 f6 12. Ng3 fxe5 13. fxe5 Bd7 14. Bd2 Rxf3
15. Rxf3 Nxe5 16. Re3 Bd6 17. Ba5 Qb8 18. Nf1 Ng4 19. Rxe6 Bxh2+ 20. Kh1 Nf2+
21. Qxf2 Bxe6 22. Nxh2 Qxb2 23. Rf1 d4 24. Bc7 Qxa2 25. Bd6 Qd5 26. Qf8+ 1-0

[Event "Julian Mazur Memorial"]
[Site "Wellington Chess Club"]
[Date "2022.09.01"]
[Round "6.18"]
[White "Paino, Roberto"]
[Black "Webster, Jamie"]
[Result "1/2-1/2"]
[WhiteElo "1574"]
[BlackElo "1703"]

1. e4 e5 2. f4 exf4 3. Nf3 g5 4. h4 g4 5. Ng1 Nf6 6. Nc3 d5 7. d3 Nh5 8. Nge2
f3 9. gxf3 gxf3 10. Ng1 Bg4 11. Nxf3 Ng3 12. Rg1 Bxf3 13. Qxf3 Nxf1 14. Rxf1
Qxh4+ 15. Rf2 dxe4 16. Qxf7+ Kd8 17. Nxe4 Be7 18. Be3 Qh1+ 19. Rf1 Bh4+ 20. Bf2
Bxf2+ 21. Nxf2 Re8+ 22. Ne4 Qh4+ 23. Rf2 Qh1+ 24. Rf1 Qh4+ 1/2-1/2

[Event "Julian Mazur Memorial"]
[Site "Wellington Chess Club"]
[Date "2022.09.01"]
[Round "6.19"]
[White "Hooper, John"]
[Black "Farrington, Lawrence"]
[Result "0-1"]
[WhiteElo "1251"]
[BlackElo "1602"]

1. e4 e6 2. d4 d5 3. Nc3 Bb4 4. e5 c5 5. a3 Bxc3+ 6. bxc3 Nc6 7. Be3 Nge7 8.
Nf3 cxd4 9. Nxd4 Nxe5 10. Be2 Bd7 11. O-O O-O 12. h3 N5c6 13. Bd3 Ng6 14. Qh5
Nce5 15. Bxg6 Nxg6 16. Nf3 f6 17. Rfd1 Bc6 18. Nd4 Qe8 19. Qg4 f5 20. Qh5 Ne5
21. Qh4 Nc4 22. Bc1 Qf7 23. f4 Rae8 24. Nf3 h6 25. Ne5 Qf6 26. Qxf6 Rxf6 27.
Nxc4 dxc4 28. Rd6 h5 29. Be3 Rg6 30. Rd2 a6 31. a4 Rf6 32. a5 Rf7 33. Rd4 Bd5
34. Rd2 Rd7 35. Ra4 Ree7 36. Bc5 Rf7 37. g3 Rc7 38. Bb6 Rc6 39. h4 Rf6 40. Kf2
Kf7 41. Bd4 Rg6 42. Be5 Rh6 43. Rb4 Rc5 44. Rxb7+ Bxb7 0-1

[Event "Julian Mazur Memorial"]
[Site "Wellington Chess Club"]
[Date "2022.09.01"]
[Round "6.20"]
[White "Hupert, Leo"]
[Black "Henrys, Francis"]
[Result "0-1"]
[WhiteElo "1387"]
[BlackElo "1500"]

1. d4 c5 2. e4 cxd4 3. Nf3 Nc6 4. Nxd4 e5 5. Nf3 Nf6 6. Bg5 Be7 7. Bxf6 Bxf6 8.
Bc4 Qe7 9. Nc3 a5 10. Nd5 Qd8 11. c3 d6 12. Ne3 O-O 13. h3 Rb8 14. Bb3 b5 15.
Qd2 b4 16. Bd5 Ne7 17. c4 Nxd5 18. cxd5 Ba6 19. g4 Qb6 20. Rc1 Rbc8 21. g5 Bd8
22. b3 Qb5 23. Qd1 Rxc1 24. Qxc1 Qe2# 0-1

[Event "Julian Mazur Memorial"]
[Site "Wellington Chess Club"]
[Date "2022.09.01"]
[Round "6.21"]
[White "Qu, Lucas"]
[Black "Mills, Dan"]
[Result "1-0"]
[WhiteElo "1272"]
[BlackElo "927"]

1. e4 e5 2. Nf3 Nc6 3. Bb5 Nf6 4. O-O d5 5. d3 dxe4 6. dxe4 Qxd1 7. Rxd1 Bd6 8.
Bf4 O-O 9. Bxc6 bxc6 10. Bxe5 Nxe4 11. Nc3 Bf5 12. Nxe4 Bxe5 13. Nxe5 Bxe4 14.
c3 c5 15. f3 Bc2 16. Rd5 f6 17. Ng4 f5 18. Ne3 f4 19. Nxc2 c4 20. Rc5 Rad8 21.
Nd4 Rde8 22. Rxc7 Rf7 23. Rxc4 Rfe7 24. Kf2 g6 25. a4 Kf7 26. b4 Kf6 27. a5 h5
28. b5 Re3 29. a6 Rb8 30. Rc6+ Ke5 31. b6 Kd5 32. b7 g5 33. Rc8 Rxc3 34. Rxb8
Kxd4 35. Rd8+ Ke5 36. b8=Q+ Ke6 37. Re1+ Kf6 38. Qe5+ 1-0

[Event "Julian Mazur Memorial"]
[Site "Wellington Chess Club"]
[Date "2022.09.08"]
[Round "7.1"]
[White "Winter, Ryan"]
[Black "Dive, Russell"]
[Result "1-0"]
[WhiteElo "2197"]
[BlackElo "2389"]

1. e4 c5 2. Nf3 e6 3. d4 cxd4 4. Nxd4 a6 5. Nc3 Qc7 6. g3 Nc6 7. Bg2 Nxd4 8.
Qxd4 Nf6 9. O-O Bc5 10. Bf4 d6 11. Qd3 e5 12. Bg5 Bd4 13. Ne2 Bc5 14. Bxf6 gxf6
15. Kh1 h5 16. h4 Be6 17. Kh2 O-O-O 18. Bh3 Kb8 19. Bg2 Qc8 20. Rad1 f5 21.
exf5 Bxf5 22. Qb3 Be6 23. Bd5 Rhg8 24. Nc3 Rg4 25. Bxe6 fxe6 26. a3 d5 27. Ne2
e4 28. f3 exf3 29. Rxf3 Bd6 30. Kg2 Rdg8 31. Kf1 Be5 32. Rdd3 Rf8 33. Ke1 Rxf3
34. Rxf3 Re4 35. Kd1 Qc5 36. Rf7 Bc7 37. Rf3 e5 38. c3 Ka7 39. Qc2 Qc6 40. Rd3
Bb6 41. Qd2 d4 42. cxd4 exd4 43. Nxd4 Qc4 44. Nf3 Qa2 45. Qc2 {Black lost on
time} 1-0

[Event "Julian Mazur Memorial"]
[Site "Wellington Chess Club"]
[Date "2022.09.08"]
[Round "7.2"]
[White "Forster, Bill"]
[Black "Van der Hoorn, Thomas"]
[Result "0-1"]
[WhiteElo "2037"]
[BlackElo "2059"]

1. e4 c6 2. d4 d5 3. f3 e6 4. Bd3 Nf6 5. Bg5 Be7 6. Ne2 c5 7. c3 Nc6 8. e5 Nd7
9. Bxe7 Qxe7 10. O-O f6 11. f4 O-O 12. Nd2 b6 13. Nf3 cxd4 14. Nexd4 Bb7 15. f5
fxe5 16. Nxe6 e4 17. Nfg5 exd3 18. Qxd3 Nc5 19. Qh3 h6 20. Nxf8 Rxf8 21. Ne6
Nxe6 22. fxe6 Rxf1+ 23. Rxf1 Nd8 24. Qg3 Bc8 25. Qb8 Bxe6 26. Re1 Kh7 27. Qe5
Qd7 28. Re3 Bf5 29. Rg3 Nc6 30. Rxg7+ Qxg7 31. Qxf5+ Qg6 32. Qd7+ Kh8 33. Qxd5
Qb1+ 34. Kf2 Qxb2+ 0-1

[Event "Julian Mazur Memorial"]
[Site "Wellington Chess Club"]
[Date "2022.09.08"]
[Round "7.3"]
[White "Lyall, Gordon"]
[Black "Chen, Wei Kai"]
[Result "0-1"]
[WhiteElo "1942"]
[BlackElo "1968"]

1. d4 Nf6 2. c4 g6 3. g3 Bg7 4. Bg2 d6 5. Nf3 O-O 6. O-O Nbd7 7. Nc3 Re8 8. e4
e5 9. dxe5 Nxe5 10. Nxe5 Rxe5 11. Bf4 Re8 12. Qd2 Be6 13. b3 Ng4 14. Rad1 Ne5
15. Bh6 Bf6 16. h3 Bxh3 17. Nd5 Bxg2 18. Kxg2 Nc6 19. f3 Re5 20. Rh1 Re6 21.
Rh3 Ne5 22. Rdh1 c6 23. Nxf6+ Qxf6 24. f4 Ng4 25. Bg5 Qg7 26. Rxh7 Qxh7 27.
Rxh7 Kxh7 28. Kf3 f5 29. e5 Rae8 30. c5 dxe5 31. Qd7+ Kg8 32. Qxb7 exf4 33.
Bxf4 Re2 34. Be3 R2xe3+ 35. Kf4 R3e6 36. Qxa7 R8e7 37. Qb8+ Kf7 38. Qh8 Nf6 39.
Kg5 Re8 40. Qh6 Ne4+ 0-1